Statistics for Top 10 biggest bays

Click here to take the quiz!

General Stats

  • This quiz has been taken 15 times
  • The average score is 3 of 10

Answer Stats

NumberArea in km^2Bay% Correct
21.23mHudson Bay
77%
12.172mBay of Bengal
69%
4223,000Bay of Biscay
69%
3689,000Baffin Bay
23%
718,000San Francisco Bay
15%
645,000Great Australian Bight
8%
816,000Bay of Fundy
0%
912,000Byron Bay
0%
1011,000Chesapeake Bay
0%
568,000James Bay
0%

Score Distribution

Percentile by Number Answered

Percent of People with Each Score

Your Score History

You have not taken this quiz